01057nam0a22002411 4500001001100000005001700011021001900028035002600047100004100073101001300114102000700127105001800134200008800152210004300240215003400283327015600317464018600473700007100659702002100730801001800751801002200769852002400791rc\393514120250610130305.0 aRUb[56-30236] a(NLR Aleph) 007917255 a20130415d1956 |||y0rusy50 ca1 aruscarm aRU ac z |||a|1 aКрай мой цветущийe[Стихи]fПер. с арм. С. Мар aЕреванcАйпетратd1956 a87 с., 1 л. портр.d170 aЦиклы: Бурные воды; Любимой!; Детство; Пусть горят веселые огни!; Отчизна моя такая! 012001#$aБурные воды$aЛюбимой!$aДетство$aПусть горят веселые огни!$aОтчизна моя такая!tОтчизна моя такая! 1aГригорянbВ.А.f1909-gВаган Арменакович 1aМарbС.4730 0aRUbNLRgpsbo 1aRUbELAR2rusmarc aNLRjЛ40 Г-2/1166